Global Phenomena and Social Sciences An Interdisciplinary and Comparative Approach /

This book offers new perspectives on global phenomena that play a major role in today's society and deeply shape the actions of individuals, organizations and nations. In a complex and rapidly changing environment, decision-makers need to gain a better understanding of global phenomena to adapt...

Full description

Bibliographic Details
Corporate Author: SpringerLink (Online service)
Other Authors: Bergé, Jean-Sylvestre (Editor, http://id.loc.gov/vocabulary/relators/edt), Harnay, Sophie (Editor, http://id.loc.gov/vocabulary/relators/edt), Mayrhofer, Ulrike (Editor, http://id.loc.gov/vocabulary/relators/edt), Obadia, Lionel (Editor, http://id.loc.gov/vocabulary/relators/edt)
Format: Electronic eBook
Language:English
Published: Cham : Springer International Publishing : Imprint: Springer, 2018.
Edition:1st ed. 2018.
Subjects:
Online Access:Full Text via HEAL-Link
LEADER 03942nam a2200553 4500
001 978-3-319-60180-9
003 DE-He213
005 20191220131227.0
007 cr nn 008mamaa
008 171026s2018 gw | s |||| 0|eng d
020 |a 9783319601809  |9 978-3-319-60180-9 
024 7 |a 10.1007/978-3-319-60180-9  |2 doi 
040 |d GrThAP 
050 4 |a JZ1317.5-1324 
072 7 |a JFFS  |2 bicssc 
072 7 |a POL033000  |2 bisacsh 
072 7 |a GTQ  |2 thema 
082 0 4 |a 327.1  |2 23 
245 1 0 |a Global Phenomena and Social Sciences  |h [electronic resource] :  |b An Interdisciplinary and Comparative Approach /  |c edited by Jean-Sylvestre Bergé, Sophie Harnay, Ulrike Mayrhofer, Lionel Obadia. 
250 |a 1st ed. 2018. 
264 1 |a Cham :  |b Springer International Publishing :  |b Imprint: Springer,  |c 2018. 
300 |a XV, 147 p. 10 illus.  |b online resource. 
336 |a text  |b txt  |2 rdacontent 
337 |a computer  |b c  |2 rdamedia 
338 |a online resource  |b cr  |2 rdacarrier 
347 |a text file  |b PDF  |2 rda 
505 0 |a Forward --  Introduction --  Chapter 1: Political Science --  Chapter 2: Management --  Chapter 3: Economics --  Chapter 4: Anthropology -- Chapter 5: Law.  . 
520 |a This book offers new perspectives on global phenomena that play a major role in today's society and deeply shape the actions of individuals, organizations and nations. In a complex and rapidly changing environment, decision-makers need to gain a better understanding of global phenomena to adapt and to anticipate the evolution of the global context. The authors-ten renowned international scholars of anthropology, economics, law, management and political science-propose an interdisciplinary and comparative approach to social sciences. They analyse how international phenomena, such as globalisation or transnationalisation, transform the disciplines of social sciences from an epistemological standpoint. Explaining what 'global' means in difference disciplines, the authors analyse several global phenomena that characterise today's international environment such as the circulation of norms and ideas, the linkages between war and globalization, corporate governance, and the impact of multinational enterprises on sustainable development and poverty reduction. Providing examples of analytical disciplinary approaches and guidelines for decision-makers in a fast-changing global context this book will be useful to scholars and students of anthropology, economics, law, management and political science as well as practitioners in the private and public sectors.  . 
650 0 |a Globalization. 
650 0 |a Public administration. 
650 0 |a Economic development. 
650 0 |a Social change. 
650 0 |a Anthropology. 
650 1 4 |a Globalization.  |0 http://scigraph.springernature.com/things/product-market-codes/912030 
650 2 4 |a Public Administration.  |0 http://scigraph.springernature.com/things/product-market-codes/W34030 
650 2 4 |a Development and Social Change.  |0 http://scigraph.springernature.com/things/product-market-codes/913030 
650 2 4 |a Anthropology.  |0 http://scigraph.springernature.com/things/product-market-codes/X12000 
700 1 |a Bergé, Jean-Sylvestre.  |e editor.  |4 edt  |4 http://id.loc.gov/vocabulary/relators/edt 
700 1 |a Harnay, Sophie.  |e editor.  |4 edt  |4 http://id.loc.gov/vocabulary/relators/edt 
700 1 |a Mayrhofer, Ulrike.  |e editor.  |4 edt  |4 http://id.loc.gov/vocabulary/relators/edt 
700 1 |a Obadia, Lionel.  |e editor.  |4 edt  |4 http://id.loc.gov/vocabulary/relators/edt 
710 2 |a SpringerLink (Online service) 
773 0 |t Springer eBooks 
776 0 8 |i Printed edition:  |z 9783319601793 
776 0 8 |i Printed edition:  |z 9783319601816 
776 0 8 |i Printed edition:  |z 9783319867977 
856 4 0 |u https://doi.org/10.1007/978-3-319-60180-9  |z Full Text via HEAL-Link 
912 |a ZDB-2-POS 
950 |a Political Science and International Studies (Springer-41174)